| 000 | 00902cam a2200265 i 4500 | ||
|---|---|---|---|
| 001 | 200468087 | ||
| 003 | TR-AnTOB | ||
| 005 | 20260413165340.0 | ||
| 007 | ta | ||
| 008 | 260413s1982 xxu 001 0 eng d | ||
| 040 |
_aTR-AnTOB _beng _erda _cTR-AnTOB _dTR-AnTOB |
||
| 041 | 0 | _aeng | |
| 050 | 1 | 4 |
_aPS648.S5 _bC65 1982 |
| 090 |
_aPS648.S5 _bC65 1982 TıpFaK |
||
| 245 | 1 | 0 |
_aConfigurations : _bAmerican short stories for the EFL classroom / _cedited by David Queen. |
| 264 | 1 |
_aWashington : _bEnglish Language Programs Division Bureau of Educ. and Cultural Affairs United States Inf. Agency, _c1982. |
|
| 300 |
_a240 pages ; _c23 cm |
||
| 336 |
_atext _btxt _2rdacontent |
||
| 337 |
_aunmediated _bn _2rdamedia |
||
| 338 |
_avolume _bnc _2rdacarrier |
||
| 650 | 0 |
_aShort stories, American _946151 |
|
| 700 | 1 |
_aQueen, David D., _d1947- _eeditor _9153621 |
|
| 942 |
_2lcc _cBK |
||
| 999 |
_c200468087 _d86299 |
||